01126nam a2200289Ia 4500001001200000003000800012006001900020007001500039008004100054020002200095020002500117040002100142035002100163050002400184100001700208245010600225260003400331300002300365500002000388533015200408650002900560650005600589655002900645710001700674856012600691999001900817ebr10196642CaPaEBRm u cr cn|||||||||061207s2007 enka s 001 0 eng d z0713677058 (pbk.) z9780713677058 (pbk.) aCaPaEBRcCaPaEBR a(OCoLC)29048554414aHD58.6b.L96 2007eb1 aLyons, Carl.10aI win, you winh[electronic resource] :bthe essential guide to principled negotiation /cCarl Lyons. aLondon :bA & C Black,c2007. aix, 213 p. :bill. aIncludes index. aElectronic reproduction.bPalo Alto, Calif. :cebrary,d2009.nAvailable via World Wide Web.nAccess may be limited to ebrary affiliated libraries. 0aNegotiation in business. 0aNegotiation in businessxMoral and ethical aspects. 7aElectronic books.2local2 aebrary, Inc.40uhttp://site.ebrary.com/lib/rucke/Doc?id=10196642zAn electronic book accessible through the World Wide Web; click to view c115628d115628